[Event "Wch Blitz final (Women)"]
[Site "Moscow"]
[Date "2010.09.17"]
[Round "13"]
[White "Kosteniuk, Alexandra"]
[Black "Stefanova, Antoaneta"]
[Result "0-1"]
[WhiteElo "2523"]
[BlackElo "2545"]
[PlyCount "58"]
[EventDate "2010.09.17"]
[EventType "tourn (blitz)"]
[EventRounds "30"]
[EventCountry "RUS"]
[EventCategory "10"]
[SourceTitle "CBM 138 Extra"]
[Source "ChessBase"]
[SourceDate "2010.10.29"]
[SourceVersion "1"]
[SourceVersionDate "2010.10.29"]
[SourceQuality "1"]

1. e4 e5 2. Nf3 Nc6 3. Bb5 Nf6 4. Qe2 Bc5 5. c3 O-O 6. d3 Re8 7. h3 d5 8. Nbd2
Bd7 9. g4 Ne7 10. Bxd7 Nxd7 11. Nh4 g6 12. Nf1 dxe4 13. dxe4 Nc6 14. Ng2 Bf8
15. Bd2 Nc5 16. O-O-O Qd3 17. Qe3 Rad8 18. Ng3 Na5 19. b3 Ncxb3+ 20. Kb2 Nxd2
21. Qxd3 Rxd3 22. Kc2 Red8 23. Nf1 Nac4 24. Nfe3 Na3+ 25. Kb2 Ndc4+ 26. Kb3 b5
27. Nd5 Rxd1 28. Rxd1 Kg7 29. Re1 a5 0-1

[Event "Wch Blitz final (Women)"]
[Site "Moscow"]
[Date "2010.09.18"]
[Round "18"]
[White "Kosteniuk, Alexandra"]
[Black "Gaponenko, Inna"]
[Result "1-0"]
[WhiteElo "2523"]
[BlackElo "2469"]
[PlyCount "47"]
[EventDate "2010.09.17"]
[EventType "tourn (blitz)"]
[EventRounds "30"]
[EventCountry "RUS"]
[EventCategory "10"]
[SourceTitle "CBM 138 Extra"]
[Source "ChessBase"]
[SourceDate "2010.10.29"]
[SourceVersion "1"]
[SourceVersionDate "2010.10.29"]
[SourceQuality "1"]

1. e4 c5 2. Nf3 d6 3. d4 cxd4 4. Nxd4 Nf6 5. Nc3 g6 6. Be3 Bg7 7. f3 O-O 8. Qd2
Nc6 9. O-O-O d5 10. Kb1 Nxd4 11. e5 Nf5 12. exf6 exf6 13. Bc5 d4 14. Nb5 Re8
15. Nxd4 Nxd4 16. Bxd4 f5 17. Bb5 Bd7 18. Bxg7 Bxb5 19. Qh6 Qe7 20. Bc3 f6 21.
h4 Rac8 22. Qf4 Rc4 23. Qd2 Rcc8 24. Qd5+ 1-0

[Event "Wch Blitz final (Women)"]
[Site "Moscow"]
[Date "2010.09.18"]
[Round "21"]
[White "Kosteniuk, Alexandra"]
[Black "Sebag, Marie"]
[Result "1-0"]
[WhiteElo "2523"]
[BlackElo "2510"]
[PlyCount "64"]
[EventDate "2010.09.17"]
[EventType "tourn (blitz)"]
[EventRounds "30"]
[EventCountry "RUS"]
[EventCategory "10"]
[SourceTitle "CBM 138 Extra"]
[Source "ChessBase"]
[SourceDate "2010.10.29"]
[SourceVersion "1"]
[SourceVersionDate "2010.10.29"]
[SourceQuality "1"]

1. e4 c5 2. Nf3 d6 3. d4 cxd4 4. Nxd4 Nf6 5. Nc3 a6 6. Bg5 e6 7. f4 Nbd7 8. Qf3
Qc7 9. O-O-O b5 10. Bd3 Bb7 11. Rhe1 Qb6 12. Nd5 Qxd4 13. Bxf6 gxf6 14. Bxb5
Qc5 15. b4 Qxb5 16. Nc7+ Ke7 17. Nxb5 axb5 18. Qd3 Ra6 19. Qxb5 Rb6 20. Qd3 h5
21. a4 Bh6 22. g3 Rc8 23. a5 Rbc6 24. Rd2 Ba6 25. b5 Nc5 26. Qc4 Bxb5 27. Qxb5
R6c7 28. a6 Rc6 29. a7 Ra6 30. Qb8 Nb3+ 31. Kd1 Ra1+ 32. Ke2 Ra4 1-0

[Event "Wch Blitz final (Women)"]
[Site "Moscow"]
[Date "2010.09.18"]
[Round "23"]
[White "Kosteniuk, Alexandra"]
[Black "Lagno, Kateryna"]
[Result "1/2-1/2"]
[WhiteElo "2523"]
[BlackElo "2539"]
[PlyCount "180"]
[EventDate "2010.09.17"]
[EventType "tourn (blitz)"]
[EventRounds "30"]
[EventCountry "RUS"]
[EventCategory "10"]
[SourceTitle "CBM 138 Extra"]
[Source "ChessBase"]
[SourceDate "2010.10.29"]
[SourceVersion "1"]
[SourceVersionDate "2010.10.29"]
[SourceQuality "1"]

1. e4 e5 2. Nf3 Nc6 3. Bb5 Nf6 4. Qe2 Bc5 5. c3 O-O 6. d3 Re8 7. Bg5 a6 8. Ba4
b5 9. Bb3 Be7 10. Nbd2 d6 11. h3 Na5 12. Bc2 c5 13. Nf1 Nd5 14. Bxe7 Nxe7 15.
Ne3 Nac6 16. Nh4 d5 17. Qf3 d4 18. Nef5 Nxf5 19. Nxf5 dxc3 20. bxc3 Bxf5 21.
Qxf5 Qa5 22. O-O Qxc3 23. Bb3 c4 24. dxc4 Nd4 25. Qd7 bxc4 26. Ba4 Red8 27. Qc7
Rac8 28. Qb6 Qa3 29. Bd1 c3 30. Bg4 Rb8 31. Qc7 Qd6 32. Qxc3 g6 33. Kh1 h5 34.
Bd1 Rdc8 35. Qg3 Rb2 36. Bxh5 a5 37. Bg4 Rcc2 38. a4 Qf6 39. Kg1 Re2 40. Rac1
Rxe4 41. Rc8+ Kg7 42. Qd3 Rf4 43. Qa3 Rb3 44. Qf8+ Kh7 45. Qg8+ Kh6 46. Qh8+
Qxh8 47. Rxh8+ Kg7 48. Ra8 Nc6 49. Rc1 Nd4 50. Rf1 Nc2 51. Bd1 Rc3 52. Bxc2
Rxc2 53. Rxa5 Ra2 54. Rxe5 Raxa4 55. g3 Rf6 56. Kg2 Ra2 57. Re3 Rb2 58. Rf3
Rxf3 59. Kxf3 g5 60. Re1 Kg6 61. Rd1 f6 62. Rd6 Rb3+ 63. Ke2 Rb2+ 64. Rd2 Rb3
65. Rd3 Rb2+ 66. Ke3 Rb4 67. Kf3 Rb1 68. Ra3 Rc1 69. Ra8 Rh1 70. Kg2 Rb1 71.
Rg8+ Kf7 72. Rh8 Kg7 73. Rd8 Kg6 74. g4 Rb3 75. Re8 Kf7 76. Re3 Rb4 77. Kg3 Kg6
78. h4 gxh4+ 79. Kxh4 Rb1 80. Kg3 Rb4 81. f3 Ra4 82. Re4 Ra3 83. Kf4 Rb3 84.
Rd4 Ra3 85. Rd6 Ra4+ 86. Kg3 Ra3 87. Rd5 Ra4 88. Rf5 Rb4 89. f4 Rb3+ 90. Kh4
Rb4 1/2-1/2

[Event "Wch Blitz final (Women)"]
[Site "Moscow"]
[Date "2010.09.18"]
[Round "24"]
[White "Gunina, Valentina"]
[Black "Kosteniuk, Alexandra"]
[Result "1-0"]
[WhiteElo "2448"]
[BlackElo "2523"]
[PlyCount "131"]
[EventDate "2010.09.17"]
[EventType "tourn (blitz)"]
[EventRounds "30"]
[EventCountry "RUS"]
[EventCategory "10"]
[SourceTitle "CBM 138 Extra"]
[Source "ChessBase"]
[SourceDate "2010.10.29"]
[SourceVersion "1"]
[SourceVersionDate "2010.10.29"]
[SourceQuality "1"]

1. d4 Nf6 2. Nf3 e6 3. c4 b6 4. g3 Bb7 5. Bg2 Be7 6. O-O O-O 7. Re1 Qc8 8. Nc3
Ne4 9. Qc2 Nxc3 10. Qxc3 f5 11. Bf4 d6 12. Bf1 Bf6 13. Nd2 Nc6 14. Nb3 a5 15.
a4 e5 16. dxe5 dxe5 17. Bd2 e4 18. Qc2 Nb4 19. Bxb4 axb4 20. e3 Qe6 21. Red1
Qe5 22. c5 Qxb2 23. Qc4+ Kh8 24. Qxb4 Bc3 25. Qc4 Ba6 26. Qe6 Bxf1 27. Kxf1
bxc5 28. Nxc5 Qb4 29. Nd7 Rfe8 30. Qxf5 Bxa1 31. Rxa1 Rxa4 32. Rc1 Qd6 33. Kg2
Raa8 34. Nc5 Qe5 35. Qg4 Rad8 36. Rc4 Qd5 37. Rc2 c6 38. h4 g6 39. Nb7 Rd7 40.
Nc5 Rf7 41. Qh3 Qf5 42. Qxf5 gxf5 43. Nb3 Rc8 44. Rc5 Kg7 45. Nd4 Kg6 46. h5+
Kxh5 47. Nxf5 Kg6 48. Nd6 Rcc7 49. Nxf7 Kxf7 50. Rc4 c5 51. g4 Ke6 52. Rxe4+
Kd5 53. Ra4 c4 54. Kf3 c3 55. Rd4+ Kc5 56. Ke2 Kb5 57. Kd1 Rf7 58. f4 Re7 59.
Rd3 Kc4 60. Kc2 Ra7 61. Rd4+ Kc5 62. Kxc3 Ra2 63. Kd3 Ra3+ 64. Ke4 Ra7 65. g5
Re7+ 66. Kf3 1-0

[Event "Wch Blitz final (Women)"]
[Site "Moscow"]
[Date "2010.09.18"]
[Round "25"]
[White "Kosteniuk, Alexandra"]
[Black "Zhukova, Natalia"]
[Result "1/2-1/2"]
[WhiteElo "2523"]
[BlackElo "2499"]
[PlyCount "146"]
[EventDate "2010.09.17"]
[EventType "tourn (blitz)"]
[EventRounds "30"]
[EventCountry "RUS"]
[EventCategory "10"]
[SourceTitle "CBM 138 Extra"]
[Source "ChessBase"]
[SourceDate "2010.10.29"]
[SourceVersion "1"]
[SourceVersionDate "2010.10.29"]
[SourceQuality "1"]

1. e4 Nf6 2. e5 Nd5 3. d4 d6 4. Nf3 g6 5. Bc4 Nb6 6. Bb3 Bg7 7. Qe2 O-O 8. h3
Nc6 9. c3 dxe5 10. dxe5 Bf5 11. Bf4 Bd3 12. Qe3 a5 13. a4 Ba6 14. Nbd2 Nd5 15.
Bxd5 Qxd5 16. Qe4 Qxe4+ 17. Nxe4 b6 18. e6 f5 19. Ned2 Rac8 20. O-O-O h6 21.
Rhe1 Nd8 22. Ne5 Kh7 23. Nd7 Re8 24. h4 Nb7 25. Nf3 Nd6 26. Nfe5 Bb7 27. f3 Ra8
28. Kc2 Rac8 29. b3 Ra8 30. c4 Ra6 31. Nf7 Bc6 32. Nfe5 Bb7 33. c5 bxc5 34.
Nxc5 Bxe5 35. Rxe5 Rc6 36. Kb2 Bc8 37. Nd7 Kg7 38. Rxa5 Bxd7 39. exd7 Rd8 40.
Rad5 Rxd7 41. a5 Rd8 42. b4 Rb8 43. Kb3 e6 44. Bxd6 exd5 45. Be5+ Kf7 46. f4
Rc4 47. Bc3 c6 48. a6 Ra8 49. Ra1 Rxf4 50. a7 Re4 51. Ra6 Re3 52. Kc2 Re2+ 53.
Kd3 Re7 54. Bd4 Rb7 55. Bc5 Rc7 56. Kd4 Ke6 57. Ra1 f4 58. Rf1 Kf5 59. g3 g5
60. hxg5 hxg5 61. gxf4 gxf4 62. Ra1 Kg4 63. Bb6 Rb7 64. Kc5 f3 65. Kxc6 Rf7 66.
Bf2 Kh3 67. Kxd5 Kg2 68. Ra2 Rb7 69. Kc6 Re7 70. Be3+ Kg3 71. Bf2+ Kg2 72. Be3+
Kg3 73. Bf2+ Kg2 1/2-1/2

[Event "Wch Blitz final (Women)"]
[Site "Moscow"]
[Date "2010.09.18"]
[Round "26"]
[White "Kosintseva, Tatiana"]
[Black "Kosteniuk, Alexandra"]
[Result "1-0"]
[WhiteElo "2515"]
[BlackElo "2523"]
[PlyCount "101"]
[EventDate "2010.09.17"]
[EventType "tourn (blitz)"]
[EventRounds "30"]
[EventCountry "RUS"]
[EventCategory "10"]
[SourceTitle "CBM 138 Extra"]
[Source "ChessBase"]
[SourceDate "2010.10.29"]
[SourceVersion "1"]
[SourceVersionDate "2010.10.29"]
[SourceQuality "1"]

1. e4 c5 2. Nf3 d6 3. d4 cxd4 4. Nxd4 Nf6 5. Nc3 Nc6 6. Bg5 e6 7. Qd2 a6 8.
O-O-O h6 9. Nxc6 bxc6 10. Bf4 d5 11. Qe3 Bb4 12. Be2 O-O 13. e5 Nd7 14. g4 Qb6
15. Qg3 Rb8 16. g5 Bxc3 17. Qxc3 hxg5 18. Bxg5 Nc5 19. Be3 Ne4 20. Qa3 c5 21.
f3 d4 22. fxe4 dxe3 23. Rhg1 Qb4 24. Rg3 Bb7 25. Qxb4 cxb4 26. Rxe3 Rfd8 27.
Bd3 Rbc8 28. Rg1 Rc5 29. Rg5 Kf8 30. Rh3 g6 31. Rh8+ Ke7 32. Rxd8 Kxd8 33. h4
Ke7 34. Kd2 a5 35. Ke3 a4 36. Kd4 Rc8 37. h5 gxh5 38. Rxh5 Rd8+ 39. Kc4 Ba6+
40. Kxb4 Bxd3 41. cxd3 Rxd3 42. Kxa4 Rd4+ 43. b4 Rxe4 44. Kb5 f5 45. exf6+ Kxf6
46. a4 e5 47. a5 Rd4 48. a6 e4 49. a7 Rd8 50. Kc6 e3 51. Rh3 1-0

[Event "Wch Blitz final (Women)"]
[Site "Moscow"]
[Date "2010.09.18"]
[Round "27"]
[White "Kosteniuk, Alexandra"]
[Black "Koneru, Humpy"]
[Result "0-1"]
[WhiteElo "2523"]
[BlackElo "2614"]
[PlyCount "180"]
[EventDate "2010.09.17"]
[EventType "tourn (blitz)"]
[EventRounds "30"]
[EventCountry "RUS"]
[EventCategory "10"]
[SourceTitle "CBM 138 Extra"]
[Source "ChessBase"]
[SourceDate "2010.10.29"]
[SourceVersion "1"]
[SourceVersionDate "2010.10.29"]
[SourceQuality "1"]

1. e4 c5 2. Nf3 e6 3. d4 cxd4 4. Nxd4 a6 5. Nc3 Qc7 6. Bd3 Nf6 7. f4 d6 8. Qf3
b5 9. g4 Bb7 10. g5 Nfd7 11. Nb3 g6 12. Bd2 Bg7 13. h4 h5 14. gxh6 Rxh6 15.
O-O-O Nc6 16. Kb1 Rh8 17. h5 gxh5 18. Rxh5 O-O-O 19. Rxh8 Rxh8 20. Be1 b4 21.
Ne2 Nc5 22. Nxc5 dxc5 23. Qg4 Bf6 24. e5 Be7 25. Be4 Rd8 26. Rxd8+ Qxd8 27. Nc1
Nd4 28. Bxb7+ Kxb7 29. Qg7 Qe8 30. Bf2 Nf5 31. Qg1 c4 32. Qh1+ Qc6 33. Qh7 Qf3
34. Qh2 c3 35. Be1 cxb2 36. Kxb2 Bc5 37. Nb3 Bd4+ 38. Nxd4 Nxd4 39. Bxb4 Ne2
40. Qh7 Qxf4 41. a3 Qxe5+ 42. Kb1 Qf5 43. Qh1+ Kb6 44. Qa8 Qe5 45. Qd8+ Kb7 46.
Qd7+ Qc7 47. Qd3 Nf4 48. Qb3 Kc8 49. Bd2 Nd5 50. Qh3 Qb6+ 51. Ka2 Qd4 52. Qg2
Qc4+ 53. Kb2 Qd4+ 54. Ka2 Kd7 55. Qe2 Ke8 56. Qg2 Kd7 57. Qe2 e5 58. Qg2 e4 59.
Qg4+ Ke8 60. Qc8+ Ke7 61. Bg5+ Kd6 62. Qd8+ Ke6 63. Qc8+ Kd6 64. Qd8+ Ke6 65.
Qc8+ Kd6 66. Qxa6+ Ke5 67. Qb5 Kf5 68. Bc1 Kg4 69. Qd7+ f5 70. Qc6 Nc3+ 71. Kb3
Qd5+ 72. Qc4 Qxc4+ 73. Kxc4 Ne2 74. Bd2 f4 75. a4 e3 76. Bxe3 fxe3 77. a5 Nf4
78. a6 e2 79. a7 e1=Q 80. a8=Q Qe2+ 81. Kb3 Qe3+ 82. c3 Ne2 83. Qg8+ Kf3 84.
Qd5+ Kf2 85. Qf7+ Ke1 86. Qf6 Kd2 87. Qd6+ Kc1 88. Qf6 Qc5 89. c4 Nd4+ 90. Kc3
Qa3+ 0-1

[Event "Wch Blitz final (Women)"]
[Site "Moscow"]
[Date "2010.09.18"]
[Round "28"]
[White "Stefanova, Antoaneta"]
[Black "Kosteniuk, Alexandra"]
[Result "0-1"]
[WhiteElo "2545"]
[BlackElo "2523"]
[PlyCount "146"]
[EventDate "2010.09.17"]
[EventType "tourn (blitz)"]
[EventRounds "30"]
[EventCountry "RUS"]
[EventCategory "10"]
[SourceTitle "CBM 138 Extra"]
[Source "ChessBase"]
[SourceDate "2010.10.29"]
[SourceVersion "1"]
[SourceVersionDate "2010.10.29"]
[SourceQuality "1"]

1. d4 Nf6 2. Bg5 e6 3. Nd2 h6 4. Bh4 c5 5. e4 cxd4 6. e5 g5 7. Bg3 Nd5 8. h4 g4
9. Qxg4 Nc6 10. a3 Qa5 11. Ngf3 h5 12. Qe4 Bh6 13. Rd1 b5 14. Nxd4 Nxd4 15.
Qxd4 Bb7 16. Be2 Ne7 17. b4 Qc7 18. Ne4 Nf5 19. Nd6+ Qxd6 20. Qxd6 Nxd6 21.
Rxd6 Bxg2 22. Rg1 Bc6 23. f4 a5 24. Kf2 axb4 25. axb4 Ra4 26. c3 Ra3 27. Rc1
Bf8 28. Rd4 Be7 29. Bf3 Bxf3 30. Kxf3 Rg8 31. Be1 Rg4 32. Rcd1 Ra7 33. f5 exf5
34. Rd5 Rb7 35. Ra1 Bd8 36. Ra8 Ke7 37. Bf2 Bc7 38. Bc5+ Ke6 39. Rd1 Bxe5 40.
Re8+ Kf6 41. Be7+ Kg6 42. Bg5 f6 43. Bd2 Kf7 44. Rh8 Rxh4 45. Rg1 Rg4 46. Rh1
h4 47. R1xh4 Rxh4 48. Rxh4 Ke6 49. Rh7 Rc7 50. Ke2 Bxc3 51. Bf4 Be5 52. Be3 Rc4
53. Bd2 Bd6 54. Rh8 Bxb4 55. Re8+ Kd5 56. Rd8 d6 57. Bh6 Re4+ 58. Kd3 Bc5 59.
Bg7 Re6 60. Rf8 b4 61. Bxf6 Re3+ 62. Kd2 Rf3 63. Bg7 b3 64. Ke2 Rf2+ 65. Kd3 f4
66. Rb8 Rf3+ 67. Kd2 Kc4 68. Rf8 Rf2+ 69. Kd1 b2 70. Rb8 Bd4 71. Ke1 Rh2 72.
Bxd4 Kxd4 73. Kf1 b1=Q+ 0-1

[Event "Olympiad Women-39"]
[Site "Khanty-Mansiysk"]
[Date "2010.09.23"]
[Round "3.1"]
[White "Kosteniuk, Alexandra"]
[Black "Movsesian, Julia"]
[Result "1-0"]
[WhiteElo "2524"]
[BlackElo "2327"]
[PlyCount "53"]
[EventDate "2010.09.21"]
[EventType "team-swiss"]
[EventRounds "11"]
[EventCountry "RUS"]
[SourceTitle "CBM 139"]
[Source "ChessBase"]
[SourceDate "2010.11.18"]
[SourceVersion "1"]
[SourceVersionDate "2010.11.18"]
[SourceQuality "1"]
[WhiteTeam "Russia (W)"]
[BlackTeam "Slovakia (W)"]
[WhiteTeamCountry "RUS"]
[BlackTeamCountry "SVK"]

1. e4 d6 2. d4 Nf6 3. Bd3 e5 4. c3 Be7 5. Nf3 Nc6 6. O-O O-O 7. Nbd2 h6 8. Re1
Nh7 9. Bb5 exd4 10. cxd4 Ng5 11. h3 Bd7 12. Bc4 a6 13. a3 Qc8 14. Nxg5 Bxg5 15.
Nf3 Bxc1 16. Rxc1 Ne7 17. Nh4 Be6 18. d5 Bd7 19. e5 dxe5 20. Rxe5 Qd8 21. d6
cxd6 22. Qxd6 Nc6 23. Re4 Qg5 24. Rc3 Bf5 25. Nxf5 Qxf5 26. Rf4 Rad8 27. Qxf8+
1-0

[Event "Olympiad Women-39"]
[Site "Khanty-Mansiysk"]
[Date "2010.09.24"]
[Round "4.2"]
[White "Melia, Salome"]
[Black "Kosteniuk, Alexandra"]
[Result "1/2-1/2"]
[WhiteElo "2439"]
[BlackElo "2524"]
[PlyCount "119"]
[EventDate "2010.09.21"]
[EventType "team-swiss"]
[EventRounds "11"]
[EventCountry "RUS"]
[SourceTitle "CBM 139"]
[Source "ChessBase"]
[SourceDate "2010.11.18"]
[SourceVersion "1"]
[SourceVersionDate "2010.11.18"]
[SourceQuality "1"]
[WhiteTeam "Georgia (W)"]
[BlackTeam "Russia (W)"]
[WhiteTeamCountry "GEO"]
[BlackTeamCountry "RUS"]

1. e4 c5 2. Nf3 Nc6 3. d4 cxd4 4. Nxd4 Nf6 5. Nc3 d6 6. Bg5 e6 7. Qd2 a6 8.
O-O-O Bd7 9. f4 b5 10. Bxf6 gxf6 11. Kb1 b4 12. Nce2 Qb6 13. g3 Rc8 14. Bg2 Na5
15. b3 Bg7 16. h4 h5 17. Rhf1 Rc7 18. Qe3 Qc5 19. Rc1 O-O 20. c4 Nc6 21. Nc2 a5
22. Rcd1 a4 23. Qxc5 dxc5 24. Bf3 Na5 25. Nc1 Bc6 26. Rd3 Kh7 27. Re1 Kh6 28.
Red1 Rg8 29. Re3 Ra7 30. Rd6 Rc8 31. Rd1 Nb7 32. Red3 Ra6 33. Bh1 Bf8 34. Bf3
Be7 35. e5 Na5 36. Bxc6 Nxc6 37. exf6 Bxf6 38. Rd7 Kg6 39. R1d6 axb3 40. Nxb3
Nb8 41. Rxa6 Nxd7 42. Ne3 Nb8 43. Rb6 Nc6 44. f5+ exf5 45. Nd5 Bd8 46. Ra6 Kg7
47. Nxc5 Ne7 48. Nb7 Rxc4 49. Nd6 Rc5 50. Nf4 Ra5 51. Nxh5+ Kf8 52. Rxa5 Bxa5
53. Nf4 Bc7 54. Nc4 Ng6 55. Ne2 f4 56. Nxf4 Nxf4 57. gxf4 Bxf4 58. Kc2 Bg3 59.
h5 Kg7 60. Ne3 1/2-1/2

[Event "Olympiad Women-39"]
[Site "Khanty-Mansiysk"]
[Date "2010.09.25"]
[Round "5.2"]
[White "Zhao, Xue"]
[Black "Kosteniuk, Alexandra"]
[Result "1-0"]
[WhiteElo "2469"]
[BlackElo "2524"]
[PlyCount "115"]
[EventDate "2010.09.21"]
[EventType "team-swiss"]
[EventRounds "11"]
[EventCountry "RUS"]
[SourceTitle "CBM 139"]
[Source "ChessBase"]
[SourceDate "2010.11.18"]
[SourceVersion "1"]
[SourceVersionDate "2010.11.18"]
[SourceQuality "1"]
[WhiteTeam "China (W)"]
[BlackTeam "Russia (W)"]
[WhiteTeamCountry "CHN"]
[BlackTeamCountry "RUS"]

1. d4 Nf6 2. c4 e6 3. g3 d5 4. Nf3 Bb4+ 5. Bd2 Be7 6. Bg2 O-O 7. Qc2 c6 8. O-O
b6 9. Bf4 Bb7 10. Rd1 Nbd7 11. Nc3 Nh5 12. Bc1 f5 13. b3 Bd6 14. a4 Qe7 15. a5
Ba6 16. Bb2 b5 17. c5 Bc7 18. Na2 Bc8 19. Nb4 Nb8 20. a6 Bd7 21. Ne5 Be8 22. e3
Nf6 23. f3 Kh8 24. Rf1 Qd8 25. Bc3 Ng8 26. e4 f4 27. exd5 exd5 28. Bd2 fxg3 29.
hxg3 Ne7 30. Bh3 Nd7 31. Rae1 Nxe5 32. dxe5 Bg6 33. Qb2 Qe8 34. Kg2 Bf5 35. g4
Be6 36. Nc2 Ng6 37. f4 d4 38. Nxd4 Bd5+ 39. Kg1 Qe7 40. Qc3 Rab8 41. Nf5 b4 42.
Qe3 Qd8 43. Re2 Ne7 44. Nd6 Nc8 45. Bg2 Ne7 46. Qd3 Bxg2 47. Kxg2 Nd5 48. Rh1
h6 49. f5 Kg8 50. Kg3 Qe7 51. f6 Nxf6 52. exf6 Qxf6 53. g5 Qf5 54. Qxf5 Rxf5
55. Re7 Bxd6+ 56. cxd6 Rd5 57. Bf4 hxg5 58. Be5 1-0

[Event "Olympiad Women-39"]
[Site "Khanty-Mansiysk"]
[Date "2010.09.28"]
[Round "7.1"]
[White "Kosteniuk, Alexandra"]
[Black "Vajda, Szidonia"]
[Result "1-0"]
[WhiteElo "2524"]
[BlackElo "2342"]
[PlyCount "56"]
[EventDate "2010.09.21"]
[EventType "team-swiss"]
[EventRounds "11"]
[EventCountry "RUS"]
[SourceTitle "CBM 139"]
[Source "ChessBase"]
[SourceDate "2010.11.18"]
[SourceVersion "1"]
[SourceVersionDate "2010.11.18"]
[SourceQuality "1"]
[WhiteTeam "Russia (W)"]
[BlackTeam "Hungary (W)"]
[WhiteTeamCountry "RUS"]
[BlackTeamCountry "HUN"]

1. e4 e5 2. Nf3 d6 3. d4 exd4 4. Nxd4 Nf6 5. Nc3 Be7 6. g3 d5 7. e5 Ng4 8. Bg2
c6 9. f4 Nh6 10. O-O Nf5 11. Nxf5 Bxf5 12. g4 Qb6+ 13. Kh1 Bd7 14. f5 Na6 15.
a4 Bb4 16. Ne2 h5 17. gxh5 O-O-O 18. Nd4 c5 19. Nb5 Bxb5 20. axb5 Qxb5 21. Bg5
Rde8 22. Qxd5 Rxh5 23. Bf4 Re7 24. Rfd1 Rh8 25. Bf1 Qd7 26. Qe4 Qc7 27. Rxa6
Rh4 28. Rxa7 Kb8 1-0

[Event "Olympiad Women-39"]
[Site "Khanty-Mansiysk"]
[Date "2010.09.29"]
[Round "8.1"]
[White "Karavade, Eesha"]
[Black "Kosteniuk, Alexandra"]
[Result "1/2-1/2"]
[WhiteElo "2365"]
[BlackElo "2524"]
[PlyCount "60"]
[EventDate "2010.09.21"]
[EventType "team-swiss"]
[EventRounds "11"]
[EventCountry "RUS"]
[SourceTitle "CBM 139"]
[Source "ChessBase"]
[SourceDate "2010.11.18"]
[SourceVersion "1"]
[SourceVersionDate "2010.11.18"]
[SourceQuality "1"]
[WhiteTeam "India (W)"]
[BlackTeam "Russia (W)"]
[WhiteTeamCountry "IND"]
[BlackTeamCountry "RUS"]

1. d4 Nf6 2. c4 e6 3. g3 d5 4. Nf3 dxc4 5. Bg2 a6 6. O-O Nc6 7. Bg5 Be7 8. e3
Nd5 9. Bxe7 Ncxe7 10. a4 Rb8 11. Nbd2 c3 12. bxc3 Nxc3 13. Qc2 Ncd5 14. Rfc1
Nc6 15. Ne5 Nxe5 16. dxe5 O-O 17. e4 Nb4 18. Qxc7 Qxc7 19. Rxc7 Rd8 20. Nc4 Rd7
21. Rxd7 Bxd7 22. Rb1 Nd3 23. a5 Bc6 24. f4 Kf8 25. Nd6 Ke7 26. Bf1 Nc5 27. Rc1
Nb3 28. Rb1 Nc5 29. Rc1 Nb3 30. Rb1 Nc5 1/2-1/2

[Event "Olympiad Women-39"]
[Site "Khanty-Mansiysk"]
[Date "2010.10.03"]
[Round "11.1"]
[White "Kosteniuk, Alexandra"]
[Black "Girya, Olga"]
[Result "1/2-1/2"]
[WhiteElo "2524"]
[BlackElo "2414"]
[PlyCount "68"]
[EventDate "2010.09.21"]
[EventType "team-swiss"]
[EventRounds "11"]
[EventCountry "RUS"]
[SourceTitle "CBM 139"]
[Source "ChessBase"]
[SourceDate "2010.11.18"]
[SourceVersion "1"]
[SourceVersionDate "2010.11.18"]
[SourceQuality "1"]
[WhiteTeam "Russia (W)"]
[BlackTeam "Russia (W) II"]
[WhiteTeamCountry "RUS"]
[BlackTeamCountry "RUS"]

1. e4 c6 2. d4 d5 3. e5 Bf5 4. Nf3 e6 5. Be2 c5 6. Be3 cxd4 7. Nxd4 Ne7 8. c4
Nbc6 9. Qa4 a6 10. Nd2 Rc8 11. Rc1 Qd7 12. cxd5 Nxd5 13. Nxc6 Bb4 14. O-O Rxc6
15. Rxc6 Qxc6 16. Qxc6+ bxc6 17. Nb3 Nxe3 18. fxe3 Be7 19. Bxa6 Be4 20. Nd2 Bg6
21. Bb7 O-O 22. Bxc6 Rc8 23. Rc1 f6 24. Rc4 Kf7 25. Be4 Rb8 26. b3 f5 27. Bc6
Rd8 28. Nf3 Rd1+ 29. Kf2 Bh5 30. Nd4 Bh4+ 31. g3 Rd2+ 32. Ke1 Rd1+ 33. Kf2 Rd2+
34. Ke1 Rd1+ 1/2-1/2

[Event "RUS-ch (Women) 60th"]
[Site "Moscow"]
[Date "2010.11.16"]
[Round "1"]
[White "Kosteniuk, Alexandra"]
[Black "Shadrina, Tatiana"]
[Result "1-0"]
[WhiteElo "2507"]
[BlackElo "2384"]
[PlyCount "114"]
[EventDate "2010.11.16"]
[EventType "tourn"]
[EventRounds "11"]
[EventCountry "RUS"]
[EventCategory "9"]
[SourceTitle "CBM 139 Extra"]
[Source "ChessBase"]
[SourceDate "2011.01.05"]
[SourceVersion "1"]
[SourceVersionDate "2011.01.05"]
[SourceQuality "1"]

1. e4 e5 2. Nf3 Nc6 3. Bb5 a6 4. Ba4 Nf6 5. O-O Be7 6. Re1 b5 7. Bb3 d6 8. c3
O-O 9. h3 Bb7 10. d4 Re8 11. Nbd2 Bf8 12. a3 Qd7 13. d5 Ne7 14. Nf1 c6 15. dxc6
Qxc6 16. Ng3 h6 17. c4 bxc4 18. Ba4 Qc7 19. Bxe8 Rxe8 20. Qa4 d5 21. exd5 Nexd5
22. Ne4 Re6 23. Nxf6+ Nxf6 24. Bd2 Bxf3 25. gxf3 Bc5 26. Rad1 e4 27. Be3 exf3
28. Qxc4 Ne4 29. Kh1 Ng3+ 30. fxg3 Qxg3 31. Qg4 Qxg4 32. hxg4 Bxe3 33. Rf1 f2
34. Kg2 Kh7 35. b4 Kg6 36. Rd5 Ba7 37. Rd7 Bb6 38. a4 Kg5 39. a5 Be3 40. Rxf7
g6 41. Kf3 Bd4 42. Rd7 Rf6+ 43. Kg3 Be5+ 44. Kg2 Kxg4 45. Rxf2 Rc6 46. Rb7 Bd4
47. Re2 Kf5 48. Rf7+ Kg5 49. Rd7 Bf6 50. Rd5+ Kf4 51. Rc5 Rd6 52. Rec2 Ke4 53.
Rc6 Be5 54. Rxd6 Bxd6 55. b5 axb5 56. Rc8 Be5 57. Re8 Kd5 1-0

[Event "RUS-ch (Women) 60th"]
[Site "Moscow"]
[Date "2010.11.18"]
[Round "3"]
[White "Kosteniuk, Alexandra"]
[Black "Galliamova, Alisa"]
[Result "0-1"]
[WhiteElo "2507"]
[BlackElo "2487"]
[PlyCount "112"]
[EventDate "2010.11.16"]
[EventType "tourn"]
[EventRounds "11"]
[EventCountry "RUS"]
[EventCategory "9"]
[SourceTitle "CBM 139 Extra"]
[Source "ChessBase"]
[SourceDate "2011.01.05"]
[SourceVersion "1"]
[SourceVersionDate "2011.01.05"]
[SourceQuality "1"]

1. e4 c5 2. Nf3 d6 3. d4 cxd4 4. Nxd4 Nf6 5. Nc3 Nc6 6. Bg5 Bd7 7. Qd2 h6 8.
Bxf6 gxf6 9. O-O-O Nxd4 10. Qxd4 Qa5 11. f4 Rc8 12. Kb1 Bg7 13. Qe3 f5 14. e5
dxe5 15. Rd5 Qb6 16. Qg3 O-O 17. fxe5 Be6 18. Rb5 Qc7 19. Bd3 Rfd8 20. Re1 a6
21. Rb4 Qa5 22. Ra4 Qc5 23. Rh4 Rd4 24. a3 Rxh4 25. Qxh4 Bxe5 26. Qxh6 Bg7 27.
Qg5 Kf8 28. Re3 Qd4 29. Nd1 Qg4 30. Qxg4 fxg4 31. Nf2 Rc5 32. Re4 Re5 33. c3 f5
34. Re2 Rxe2 35. Bxe2 Bd5 36. g3 Bh6 37. c4 Bc6 38. h4 f4 39. Bxg4 fxg3 40. Nh3
g2 41. Kc2 Be3 42. Kd3 g1=Q 43. Nxg1 Bxg1 44. b4 Kf7 45. Bc8 Kg6 46. a4 Bg2 47.
c5 Kh5 48. Kc4 Kxh4 49. b5 axb5+ 50. Kxb5 e5 51. Kb6 Bd5 52. a5 e4 53. a6 bxa6
54. Bxa6 Bd4 55. Be2 Kg3 56. Kb5 Kf2 0-1